000 01539cam a22002775a 4500
001 L158300
005 20260203104801.0
008 130313s2012 xxk 000 0 eng u
020 _a9781842198414
035 _a(Sirsi) u158300
041 0 _aeng
110 2 _aRoyal Institution of Chartered Surveyors
_94900
245 0 0 _aDaylighting and Sunlighting
_bRICS guidance note
_h[electronic resource]
260 _aCoventry
_bRICS
_c2012
490 0 _aRICS Guidance Note
490 0 _aRICS Professional Standard
500 _aThis document was reissued in October 2023 as a professional standard. It was previously published in October 2012 as a professional statement. The regulatory requirements remain the same
520 _aFocuses on daylight, sunlight and shading and, to a lesser extent, how it is dealt with in the design, planning, and environmental impact assessment of developments, and particularly in relation to the BRE Report Site layout planning for daylight and sunlight 2011, which sets out the standards and methods of calculation most usually relied upon by local authorities when assessing planning applications.
590 _aKA
651 4 _aUnited Kingdom
690 _aPlanning and development
_96259
690 _aEnvironment
_96238
856 4 1 _uhttps://www.isurv.com/downloads/file/4695/daylighting_and_sunlighting_1st_edition
_zAvailable on iSurv
856 4 1 _uhttps://www.rics.org/content/dam/ricsglobal/documents/standards/Daylighting-and-sunlighting.pdf
_zAvailable on RICS.org
942 _n0
_2ddc
999 _c115254
_d115254